<?xml version="1.0" encoding="UTF-8"?>
<record
    xmlns:xsi="http://www.w3.org/2001/XMLSchema-instance"
    xsi:schemaLocation="http://www.loc.gov/MARC21/slim http://www.loc.gov/standards/marcxml/schema/MARC21slim.xsd"
    xmlns="http://www.loc.gov/MARC21/slim">

  <leader>01663    a2200205   4500</leader>
  <controlfield tag="003">Nust</controlfield>
  <controlfield tag="005">20221011130224.0</controlfield>
  <datafield tag="010" ind1=" " ind2=" ">
    <subfield code="a">   85060981</subfield>
  </datafield>
  <datafield tag="020" ind1=" " ind2=" ">
    <subfield code="a">0070105197</subfield>
  </datafield>
  <datafield tag="040" ind1=" " ind2=" ">
    <subfield code="c">Nust</subfield>
  </datafield>
  <datafield tag="082" ind1="0" ind2="0">
    <subfield code="a">540,MIL</subfield>
  </datafield>
  <datafield tag="100" ind1="1" ind2=" ">
    <subfield code="a">Mills, Jerry</subfield>
    <subfield code="9">99890</subfield>
  </datafield>
  <datafield tag="245" ind1="1" ind2="0">
    <subfield code="a">Student Solutions manual to accompany Raymond Chang Chemistry /</subfield>
    <subfield code="c">Jerry Mills and Raymond Chang</subfield>
  </datafield>
  <datafield tag="250" ind1=" " ind2=" ">
    <subfield code="a">4th ed.</subfield>
  </datafield>
  <datafield tag="260" ind1=" " ind2=" ">
    <subfield code="a">Lexington, Mass. :</subfield>
    <subfield code="b">D.C. Heath,</subfield>
    <subfield code="c">c1991.</subfield>
  </datafield>
  <datafield tag="300" ind1=" " ind2=" ">
    <subfield code="a">xix, 1023, 60, 16 p. :</subfield>
    <subfield code="b">ill. (some col.) ;</subfield>
    <subfield code="c">27 cm.</subfield>
  </datafield>
  <datafield tag="505" ind1=" " ind2=" ">
    <subfield code="a">chemical foundations(Page-1), Atoms, Molecules and Ions (Page-15), Chemical Reactions I: Chemical Equations and Reactions in Aqueous Solution (Page-38), Chemical Reactions II: Mass Relationships (Page-53), The Gaseous State (Page-79), Thermo chemistry (Page-96), Quantum Theory and The Electronic Structure of Atoms (Page-110), Periodic Relationships Among the Elements (Page-122), Chemical Bounding Basic Concepts (Page-133), Chemical Bounding II: Molecular Geometry and Molecular Orbitals (Page-145), Intermolecular Forces and Liquids and Solids (Page-162), Physical Properties of Solutions (Page-178), Chemical Kinetics (Page-199), Chemical Equilibrium (Page-216), Acids Base Equilibria (Page-247), Solubility Equilibria (Page-271), Entropy Free Energy and Equilibrium (Page-285), Electrochemistry (Page-297), Metallurgy and the Chemistry of Metals (Page-319), Nonmetallic Elements and their Compounds (Page-335), Transition Metal Chemistry and Coordination Compounds (Page-355), Nuclear Chemistry (Page-364), Organic Polymers Synthetic and Natural (Page-386), Industrial Chemistry (Page-390).  </subfield>
  </datafield>
  <datafield tag="650" ind1=" " ind2="0">
    <subfield code="a">Chemistry.</subfield>
  </datafield>
  <datafield tag="942" ind1=" " ind2=" ">
    <subfield code="2">ddc</subfield>
    <subfield code="c">BK</subfield>
  </datafield>
  <datafield tag="999" ind1=" " ind2=" ">
    <subfield code="c">183388</subfield>
    <subfield code="d">183388</subfield>
  </datafield>
  <datafield tag="952" ind1=" " ind2=" ">
    <subfield code="0">0</subfield>
    <subfield code="1">0</subfield>
    <subfield code="2">ddc</subfield>
    <subfield code="4">0</subfield>
    <subfield code="7">0</subfield>
    <subfield code="a">MCS</subfield>
    <subfield code="b">MCS</subfield>
    <subfield code="c">GEN</subfield>
    <subfield code="d">2016-12-12</subfield>
    <subfield code="o">540,MIL</subfield>
    <subfield code="p">MCS6373</subfield>
    <subfield code="r">2016-12-08</subfield>
    <subfield code="w">2016-12-12</subfield>
    <subfield code="y">BK</subfield>
    <subfield code="z">Almirah No.25, Shelf No.2</subfield>
  </datafield>
</record>
